Eastern Utah Libraries Catalog: Duchesne, Heber, Roosevelt, & Vernal

We are voyagers! / (Record no. 409556)

MARC details
000 -LEADER
fixed length control field 01999nam a2200361 i 4500
001 - CONTROL NUMBER
control field zcodcb b7949908
003 - CONTROL NUMBER IDENTIFIER
control field PWmBRO
005 - DATE AND TIME OF LATEST TRANSACTION
control field 20250702125015.0
008 - FIXED-LENGTH DATA ELEMENTS--GENERAL INFORMATION
fixed length control field 241029s2024 nyua a 000 1 eng d
020 ## - INTERNATIONAL STANDARD BOOK NUMBER
International Standard Book Number 9780736445054
020 ## - INTERNATIONAL STANDARD BOOK NUMBER
International Standard Book Number 0736445056
040 ## - CATALOGING SOURCE
Original cataloging agency PABRO
Language of cataloging eng
Description conventions rda
Transcribing agency PABRO
092 ## - LOCALLY ASSIGNED DEWEY CALL NUMBER (OCLC)
Classification number children picture book
Item number Disney
100 1# - MAIN ENTRY--PERSONAL NAME
Personal name Falligant, Erin,
Relator term author.
9 (RLIN) 5813206
245 10 - TITLE STATEMENT
Title We are voyagers! /
Statement of responsibility, etc by Erin Falligant ; illustrated by the Disney Storybook Art Team.
246 1# - VARYING FORM OF TITLE
Display text At head of title:
Title proper/short title Disney Moana 2.
264 #1 - Production, Publication, Distribution, Manufacture, and Copyright Notice.
Place of production, publication, distribution, manufacture New York :
Name of producer, publisher, distributor, manufacturer Random House,
Date of production, publication, distribution, manufacture, or copyr [2024]
300 ## - PHYSICAL DESCRIPTION
Extent 24 pages ;
Dimensions 21 cm.
336 ## - Content Type
Content type term text
337 ## - Media type
Media type term unmediated
338 ## - Carrier type
Carrier type term volume
490 1# - SERIES STATEMENT
Series statement A Random House pictureback book.
520 ## - SUMMARY, ETC.
Summary, etc This storybook is based on Disney Moana 2, releasing in theaters on November 27th, 2024!! Walt Disney Animation Studios' epic animated musical Moana 2 takes audiences on an expansive new voyage with Moana, Maui and a brand-new crew of unlikely seafarers. After receiving an unexpected call from her wayfinding ancestors, Moana must journey to the far seas of Oceania and into dangerous, long-lost waters for an adventure unlike anything she's ever faced. Directed by Dave Derrick Jr. with music by Grammy winners Abigail Barlow and Emily Bear, Grammy nominee Opetaia Foa'i, and three-time Grammy winner Mark Mancina, Moana 2 opens in theaters on Nov. 27, 2024. Children ages 3 to 7 will love this paperback storybook based on the animated feature film.
650 #0 - SUBJECT ADDED ENTRY--TOPICAL TERM
Topical term or geographic name as entry element Travelers
Form subdivision Juvenile fiction.
9 (RLIN) 6530505
650 #0 - SUBJECT ADDED ENTRY--TOPICAL TERM
Topical term or geographic name as entry element Families
Form subdivision Juvenile fiction.
9 (RLIN) 5674031
650 #0 - SUBJECT ADDED ENTRY--TOPICAL TERM
Topical term or geographic name as entry element Friendship
Form subdivision Juvenile fiction.
9 (RLIN) 5673647
650 #1 - SUBJECT ADDED ENTRY--TOPICAL TERM
Topical term or geographic name as entry element Travelers
Form subdivision Fiction.
9 (RLIN) 5683689
650 #1 - SUBJECT ADDED ENTRY--TOPICAL TERM
Topical term or geographic name as entry element Family life
Form subdivision Fiction.
9 (RLIN) 5674038
650 #1 - SUBJECT ADDED ENTRY--TOPICAL TERM
Topical term or geographic name as entry element Friendship
Form subdivision Fiction.
9 (RLIN) 5673769
710 2# - ADDED ENTRY--CORPORATE NAME
Corporate name or jurisdiction name as entry element Disney Storybook Artists,
Relator term illustrator.
9 (RLIN) 51522
830 #0 - SERIES ADDED ENTRY--UNIFORM TITLE
Uniform title Random House pictureback book.
9 (RLIN) 49479
942 ## - ADDED ENTRY ELEMENTS (KOHA)
Source of classification or shelving scheme Dewey Decimal Classification
Koha item type BOOK
Holdings
Withdrawn status Lost status Source of classification or shelving scheme Damaged status Not for loan Collection code Home library Current library Shelving location Date acquired Source of acquisition Total Checkouts Total Renewals Full call number Barcode Checked out Date last seen Date checked out Cost, replacement price Price effective from Koha item type
    Dewey Decimal Classification     Children Picture Books Wasatch County Library Wasatch County Library Main Floor Childrens Area 07/02/2025 Penworthy 7 5 E Disney Princess 34301002159756 04/26/2026 02/25/2026 02/25/2026 19.96 07/02/2025 BOOK
This project was made possible through a grant from the Institute of Museum and Library Service administered by the Utah State Library Division.

Wasatch County Library

  • 465 East 1200 South, Heber City, Utah 84032
  • Phone 435-654-1511 | Fax 435-654-6456

Hours

  • Monday - Friday 9:30 AM - 8:00 PM
  • Saturday 9:30 AM - 1:30 PM
  • Closed Sundays and Holidays